On This Day: April 25th II Quiz Stats

 Plays Quiz Updated Feb 26, 2019

Score 0/7 Timer 03:00
0 Plays Today
Question Answer Wrong Answers
Celebrated as Liberation Day today, the Nazi occupation army surrenders and leaves Northern ______, and the puppet fascist regime dissolves while Benito Mussolini tries to escape.
1945
Italy
90%
Poland
7.2%
Hungary
1.4%
Finland
0.8%
This Italian inventor and electrical engineer, often credited as the inventor of the radio, is born.
1874
Guglielmo Marconi
85.9%
Heinrich Hertz
6.4%
Samuel Morse
4.1%
Michael Faraday
3.3%
______ completes its withdrawal from the Sinai Peninsula per the Camp David Accords.
1982
Israel
77.1%
Iraq
5.6%
Iran
8.3%
Lebanon
7.7%
As North Vietnamese forces close in on the South Vietnamese capital of ______, the Australian Embassy is closed and evacuated, almost ten years to the day since the first Australian troop commitment to Vietnam.
1975
Saigon
72.1%
Hanoi
19.3%
Bangkok
1.5%
Phnom Penh
6.2%
Bulgaria and this neighboring country sign accession treaties to join the European Union.
2005
Romania
68.6%
Serbia
12%
Turkey
9.5%
North Macedonia
8.5%
The Thornton Affair, a conflict that began over a border dispute, triggers the beginning of this war.
1846
Mexican–American War
59.7%
Texas Revolution
13.1%
Spanish–American War
19.4%
French and Indian War
7.8%
A funeral for this man is held, the first head of state funeral to be sanctioned by the Russian Orthodox Church since the funeral of Emperor Alexander III in 1894.
2007
Boris Yeltsin
42.5%
Mikhail Gorbachev
38.8%
Leonid Brezhnev
9%
Nikita Khrushchev
8%

You're not logged in!

Compare scores with friends on all Sporcle quizzes.
OR
Log In

Sporcle TV

Today on Sporcle TV


Watch our educational content, quiz creation guides, and fun videos on Sporcle TV.

Show Comments

Extras

Top Quizzes Today


Score Distribution

Your Account Isn't Verified!

In order to create a playlist on Sporcle, you need to verify the email address you used during registration. Go to your Sporcle Settings to finish the process.

Report this User

Report this user for behavior that violates our Community Guidelines.

Details: